Peores Seleccion De Cada Mundial - Estadísticas

Estadísticas generales
  • Esta prueba ha sido intentada 112 veces
  • La puntuación promedio es 12 de 22
Estadísticas de respuestas
Mundial Selección % Correcto
Italia 1934 Estados Unidos
71%
Francia 1998 Estados Unidos
71%
Uruguay 1930 México
68%
Suecia 1958 México
68%
Argentina 1978 México
68%
Sudafrica 2010 Corea Del Norte
66%
Rusia 2018 Panamá
66%
Qatar 2022 Qatar
66%
Brasil 1950 Bolivia
64%
Suiza 1954 Corea Del Sur
64%
Corea/Japon 2002 Arabia Saudita
61%
México 1986 Canadá
61%
Chile 1962 Suiza
59%
Inglaterra 1966 Suiza
59%
Brasil 2014 Camerún
56%
México 1970 El Salvador
53%
España 1982 El Salvador
53%
Estados Unidos 1994 Grecia
38%
Italia 1990 Emiratos Arabes Unidos
32%
Alemania 1974 Zaire
28%
Alemania 2006 Serbia y Montenegro
16%
Francia 1938 Indias Orientales Neerlandesas
5%
No se encontraron pruebas coincidentes
Distribución de puntuación
Porcentaje de gente con cada puntuación
Porcentaje por número respondido
Historial de tus puntuaciones
No has intentado esta prueba.